000 00541nam a2200193 4500
999 _c678
_d678
003 OSt
005 20191029163609.0
008 141104b xxu||||| |||| 00| 0 eng d
020 _a0691049726
040 _c040a
082 _a2002/17199
_bINT 1998
100 _aMapel, David R.; Nardin, Terry
_913010
245 _aInternational Society :
_bdiverse ethical erspectives
260 _aNew Jersey
_bPrinceton unviversity press
_c1998
300 _ax, 263p :
_c10 cm.
504 _aincludes index
650 _aethics
_91778
942 _2ddc
_cSLOAN